Central Library OPAC University of Rajshahi

The philosophy of Plato / (Record no. 18986)

MARC details
000 -LEADER
fixed length control field 00751nam a2200241 a 4500
001 - CONTROL NUMBER
control field 18986
003 - CONTROL NUMBER IDENTIFIER
rucl marc code BD-RjUL
005 - DATE AND TIME OF LATEST TRANSACTION
control field 20211209000352.0
008 - FIXED-LENGTH DATA ELEMENTS--GENERAL INFORMATION
fixed length control field 140223r19511949 001 0 eng d
035 ## - SYSTEM CONTROL NUMBER
System control number (BD-RjUL)19044
040 ## - CATALOGING SOURCE
Original cataloging agency VCAV
Language of cataloging eng
Transcribing agency VCAV
Modifying agency XNTU
-- BD-RjUL
041 ## - LANGUAGE CODE
Language code of text/sound track or separate title eng
082 04 - DEWEY DECIMAL CLASSIFICATION NUMBER
Classification number 184.1
Author mark and year FIP 1951
100 1# - MAIN ENTRY--PERSONAL NAME
Personal name Field, G. C.
Fuller form of name (Guy Cromwell),
Dates associated with a name 1887-1955.
9 (RLIN) 58518
245 14 - TITLE STATEMENT
Title The philosophy of Plato /
Statement of responsibility, etc. G. C. Field
260 ## - PUBLICATION, DISTRIBUTION, ETC. (IMPRINT)
Place of publication, distribution, etc. London ;
-- New York :
Name of publisher, distributor, etc. Oxford University Press,
Date of publication, distribution, etc. 1948 [Reprinted 1951]
300 ## - PHYSICAL DESCRIPTION
Pagination 219 p ;
Size 17 cm.
504 ## - BIBLIOGRAPHY, ETC. NOTE
Bibliography, etc Bibliography: p. 211-213. and index.
600 00 - SUBJECT ADDED ENTRY--PERSONAL NAME
Personal name Plato.
942 ## - ADDED ENTRY ELEMENTS (KOHA)
Source of classification or shelving scheme Dewey Decimal Classification
Koha item type Books
Holdings
Lost status Source of classification or shelving scheme Damaged status Not for loan Collection code Permanent Location Current Location Shelving location Date acquired Source of acquisition Cost, normal purchase price Total Checkouts Full call number Date last seen Date checked out Copy number Koha item type
  Dewey Decimal Classification     Non-fiction Central Library, University of Rajshahi Central Library, University of Rajshahi   09/02/1955 MBS, Dhaka 3.12 1 184.1 FIP 1951 22/06/2022 06/06/2022 C-2 Books
  Dewey Decimal Classification     Non-fiction Central Library, University of Rajshahi Central Library, University of Rajshahi   06/01/1962 Asia foundation     184.1 FIP 1951 12/04/2014   C-3 Books
  Dewey Decimal Classification     Non-fiction Central Library, University of Rajshahi Central Library, University of Rajshahi   31/01/1955 U.B.D. B.H. Blackwell 3.00   184.1 FIP 1951 24/04/2014   C-4 Books
  Dewey Decimal Classification     Non-fiction Central Library, University of Rajshahi Central Library, University of Rajshahi   31/01/1955 O.U.P. 3.00   184.1 FIP 1951 24/04/2014   C-5 Books
  Dewey Decimal Classification   Not For Loan Non-fiction Central Library, University of Rajshahi Central Library, University of Rajshahi Reading Room 30/04/2014       184.1 FIP 1951 30/04/2014   C-1 Books